Vármegyei önkormányzatiság az 1886 XXI. tc. hatálybalépését követően /

The specialized literature represents a unified position that the powers of the legislative authorities were curtailed after following the coming into force of act XXI of 1886, as the government was determined to control every thread through centralization. In my study, I review the municipality’s a...

Teljes leírás

Elmentve itt :
Bibliográfiai részletek
Szerző: Papp Csaba István
Dokumentumtípus: Cikk
Megjelent: SZTE Állam- és Jogtudományi Kar Szeged 2023
Sorozat:Acta Universitatis Szegediensis : forum : publicationes doctorandorum juridicorum 13
Kulcsszavak:Jogtörténet - magyar - 1886, Közigazgatás - Magyarország - 19. sz. - jogi szabályozás, Önkormányzat - helyi - Magyarország - 19. sz.
Tárgyszavak:
Online Access:http://acta.bibl.u-szeged.hu/85510
LEADER 02279nab a2200253 i 4500
001 acta85510
005 20241002120601.0
008 241002s2023 hu o 000 hun d
022 |a 2063-5540 
040 |a SZTE Egyetemi Kiadványok Repozitórium  |b hun 
041 |a hun 
041 |a eng 
100 1 |a Papp Csaba István 
245 1 0 |a Vármegyei önkormányzatiság az 1886  |h [elektronikus dokumentum] :  |b XXI. tc. hatálybalépését követően /  |c  Papp Csaba István 
260 |a SZTE Állam- és Jogtudományi Kar  |b Szeged  |c 2023 
300 |a 55-70 
490 0 |a Acta Universitatis Szegediensis : forum : publicationes doctorandorum juridicorum  |v 13 
520 3 |a The specialized literature represents a unified position that the powers of the legislative authorities were curtailed after following the coming into force of act XXI of 1886, as the government was determined to control every thread through centralization. In my study, I review the municipality’s autonomy regulation of the act XXI of 1886, the specificities within the organization of the legislative authorities that especially promoted the centralization ideas of the government, the positions formed on the self-governance powers of municipalities, contrasting the different opinions with each other. From a dogmatic point of view, I examined and analyzed the relationship between the governement and municipalities and what reform proposals were formulated. Based on this, I processed the studies of the authors dealing with public administration and public administration history concerning this subject area. I formulated the question as to what extent the opposition between the government and municipalities left its mark on the centralization efforts of the government, and whether the municipalities were able to counterbalance these efforts, and if so, what tools were available to them. 
650 4 |a Társadalomtudományok 
650 4 |a Jogtudomány 
650 4 |a Bölcsészettudományok 
650 4 |a Történettudomány és régészet 
695 |a Jogtörténet - magyar - 1886, Közigazgatás - Magyarország - 19. sz. - jogi szabályozás, Önkormányzat - helyi - Magyarország - 19. sz. 
856 4 0 |u http://acta.bibl.u-szeged.hu/85510/1/forum_doctorandorum_2023_055-070.pdf  |z Dokumentum-elérés